| 000 | 00348nam a22001337a 4500 | ||
|---|---|---|---|
| 040 | _cNUST | ||
| 082 |
_a658 _bMOD |
||
| 100 |
_aRodriguez, Charles L. _9118666 |
||
| 245 |
_aPropeller : _bModule 17 / _cCharles L. Rodriguez |
||
| 260 |
_aUnited States _bAircraft Technical Book Company; _c2016. |
||
| 300 | _a133p. | ||
| 521 | _bHB | ||
| 942 |
_2ddc _cBK |
||
| 999 |
_c606849 _d606849 |
||